[Event "45th Olympiad 2024"]
[Site "Budapest HUN"]
[Date "2024.09.15"]
[Round "5.3"]
[Board "4"]
[White "Bu, Xiangzhi"]
[Black "Santos Latasa, Jaime"]
[Result "1/2-1/2"]
[WhiteElo "2693"]
[BlackElo "2624"]
[PlyCount "62"]
[EventDate "2024.09.11"]
[WhiteTeam "China"]
[BlackTeam "Spain"]
[WhiteTeamCountry "CHN"]
[BlackTeamCountry "ESP"]

1. d4 {Yermolinsky,Alex} Nf6 2. c4 e6 3. Nc3 Bb4 4. Nf3 d5 5. Qa4+ ({RR} 5. Bg5) ({RR} 5. cxd5 exd5 6. Bg5) 5... Nc6 6. e3 O-O 7. Qc2 ({RR} 7. Bd2 dxc4 8. Bxc4 Bd6 9. O-O e5 10. h3 a6 11. Qc2 exd4 12. exd4 b5 13. Be2 Nb4 14. Qd1 Bb7) 7... Re8 ({RR} 7... dxc4) ({RR} 7... Ne7) ({RR} 7... b6) 8. Bd2 a6 9. a3 Bd6 10. h3 Bd7 11. Bd3 ({RR} 11. cxd5 exd5 12. Bd3 Na7 13. Qb3 c6 14. Qxb7 Nb5 15. Nxb5 axb5 16. Ne5 Rb8 17. Qa6 Ra8 18. Qb7 Rb8 19. Qa6 Ra8 {½-½ Karjakin,S (2773)-Carlsen,M (2855) Bilbao Masters 9th 2016 (8)}) ({RR} 11. Rd1 h6 12. b4 dxc4 13. Bxc4 e5 14. O-O Qe7 15. Bc1 b5 16. Nd5 Qd8 17. dxe5 Nxe5 18. Nxe5 Rxe5 19. f4 Re8 20. Nxf6+ Qxf6 21. Bd5 Rad8 22. Bb2 Qe7 23. e4 c6 24. Qc3 Qf8 25. Bxf7+ Qxf7 {1-0 Svane,R (2623)-Hong,A (2542) GRENKE Chess Open 2024 (5.7)}) 11... dxc4 12. Bxc4 h6 13. Ne4 $146 ({RR} 13. O-O e5 14. d5 Ne7 15. e4 b5 16. Ba2 Ng6 17. Rfe1 Nh5 18. Be3 Rf8 19. Qd1 Nhf4 20. Rc1 f5 21. exf5 Bxf5 22. Bb1 Bxb1 23. Rxb1 Qd7 24. Bxf4 Rxf4 25. Ne4 Raf8 26. Re3 Qf7 27. Qd3 Rf5 {½-½ Timman,J (2573)-Leko,P (2679) Douglas IoM op 2017 (7)}) ({RR} 13. g4 b5 ({RR} 13... b5 14. Ba2 b4) 14. Bd3 e5 15. d5 Ne7 16. g5 hxg5 17. Nxg5 Qc8 18. Rg1 Bf5 19. O-O-O b4 20. axb4 Bxb4 21. e4 Bd7 22. f4 Ng6 23. f5 Nf4 24. Bxf4 exf4 25. Qg2 Bf8 26. Nxf7 Kxf7 27. Qg6+ Kg8 {1-0 Rozman,L (2387)-Ostrovskiy,A (2450) New York Marshall Spring GM 2019 (6)}) ({RR} 13. g4 e5 14. g5 b5 ({RR} 14... Nxd4 15. exd4 exd4+ 16. Ne2 b5 17. Bd3 hxg5 18. Nxg5 c5) 15. Ba2 exd4 ({RR} 15... Nxd4 16. exd4 exd4+ 17. Ne2 Qe7 18. Nfxd4 hxg5) 16. gxh6 dxc3 ({RR} 16... Bf4 17. O-O-O Bxh6 ({RR} 17... dxc3 18. exf4 cxd2+ 19. Rxd2 Qe7 20. Qg6) 18. exd4 Bxd2+ 19. Qxd2 b4) 17. Bxc3 Be6 ({RR} 17... Bf4 18. Qg6 Bxh6 19. Rd1 ({RR} 19. O-O-O Qe7 20. Bxf6 Qc5+ 21. Bc3 Be6) 19... Qe7 20. Bxf6 Qxf6 21. Qxf6 gxf6 22. Rxd7) 18. Bxe6 ({RR} 18. Rg1 Bxa2 19. Rxg7+ Kf8 20. Rxa2 Be5 21. Ng5) 18... Rxe6 19. Rg1 Ne8 ({RR} 19... Nh5 20. Bxg7 Bg3 21. Rd1 Qe7 22. Ke2 Re8 23. Bc3 Rxe3+ 24. Kf1) 20. Bxg7 Nxg7 21. Rxg7+ Kf8 22. Qh7 Qf6 23. Ng5 Rxe3+ 24. Kf1 Nd8 25. Qg8+ Ke7 26. h7 Bg3 27. Ne4 Rxe4 {1-0 Radjabov,T (2757)-Vidit,S (2695) Tata Steel-A 81st 2019 (7)} ({RR} 27... Qf3)) ({RR} 13. O-O e5 14. Rae1 Qe7 15. Nh4) 13... e5 14. dxe5 Nxe5 15. Nxd6 cxd6 16. Nxe5 dxe5 17. Qb3 Be6 18. Bxe6 Rxe6 19. Rd1 Rb6 20. Qc2 Qd5 21. O-O Qe6 22. Ba5 Rc6 23. Qd3 Rc5 24. Bb4 Rd5 25. Qb3 Rxd1 26. Qxd1 Nd5 27. Qb3 Rd8 28. Rc1 Nf4 29. Qxe6 Nxe6 30. Kf1 f6 31. Ke2 Kf7 1/2-1/2

[Event "45th Olympiad 2024"]
[Site "Budapest HUN"]
[Date "2024.09.15"]
[Round "5.4"]
[Board "1"]
[White "Le, Quang Liem"]
[Black "Duda, Jan-Krzysztof"]
[Result "1/2-1/2"]
[WhiteElo "2741"]
[BlackElo "2732"]
[PlyCount "95"]
[EventDate "2024.09.11"]
[WhiteTeam "Vietnam"]
[BlackTeam "Poland"]
[WhiteTeamCountry "VIE"]
[BlackTeamCountry "POL"]

1. d4 Nf6 2. c4 e6 3. Nf3 d5 4. Nc3 c5 5. cxd5 cxd4 6. Qxd4 exd5 7. Bg5 Be7 8. e3 O-O 9. Be2 Nc6 10. Qd3 h6 11. Bh4 Qb6 12. O-O Rd8 13. Rfd1 Qxb2 14. Rab1 Qa3 15. Bxf6 Bxf6 16. Nxd5 Qxd3 17. Nxf6+ gxf6 18. Rxd3 Bf5 19. Rxd8+ Nxd8 20. Rb2 Rc8 21. h4 Rc1+ 22. Kh2 Rc2 $146 ({RR} 22... Rb1 23. Rxb1 Bxb1 24. a3 Kf8 25. g4 Ne6 26. Kg3 Ke7 27. Nd2 Bc2 28. f4 Nc5 29. Kf3 Nb3 30. Nxb3 Bxb3 31. Ke4 Be6 32. Kd4 b6 33. e4 a5 34. e5 fxe5+ 35. Kxe5 f6+ 36. Kd4 Bd7 37. g5 {½-½ Mamedyarov,S (2759)-So,W (2776) Norway Chess 10th 2022 (5)}) 23. Rxc2 Bxc2 24. Nd4 Bb1 25. Bc4 Nc6 26. Nxc6 bxc6 27. Kg3 Kf8 28. Kf4 Bc2 29. e4 c5 30. g4 Bd1 31. f3 Ke7 32. Ke3 Ba4 33. Kd2 Kf8 34. Bb3 Bb5 35. a4 Bf1 36. a5 Ke7 37. Bd1 Bc4 38. Be2 Be6 39. Kc3 Kd6 40. f4 Ke7 41. Kd2 Kd6 42. Ke3 Bb3 43. h5 Ke7 44. Kd2 Be6 45. Bd1 Bc8 46. Ke3 Bd7 47. Kf3 Be6 48. Ke3 1/2-1/2

[Event "45th Olympiad 2024"]
[Site "Budapest HUN"]
[Date "2024.09.15"]
[Round "5.4"]
[Board "2"]
[White "Wojtaszek, Radoslaw"]
[Black "Nguyen, Ngoc Truong Son"]
[Result "0-1"]
[WhiteElo "2681"]
[BlackElo "2633"]
[PlyCount "94"]
[EventDate "2024.09.11"]
[WhiteTeam "Poland"]
[BlackTeam "Vietnam"]
[WhiteTeamCountry "POL"]
[BlackTeamCountry "VIE"]

1. d4 Nf6 2. c4 e6 3. Nf3 d5 4. Nc3 c5 5. cxd5 Nxd5 6. e4 Nxc3 7. bxc3 cxd4 8. cxd4 Bb4+ 9. Bd2 Bxd2+ 10. Qxd2 O-O 11. Bc4 Nd7 12. O-O b6 13. d5 Nf6 ({RR} 13... Nc5 14. Rfe1 Bb7 15. Rad1 Rc8 16. h4 Qf6 17. Qe3 exd5 18. exd5 a6 19. h5 b5 20. Bf1 h6 21. Rd4 Rfd8 22. Qd2 Rd6 23. Rc1 Qd8 24. Qb4 Na4 25. Rxc8 Bxc8 26. Ne5 Bb7 27. Bc4 Qe7 28. Bb3 {½-½ Giri,A (2764)-Ding,L (2791) Carlsen Inv Prelim rapid 2020 (4.4)}) 14. Qf4 ({RR} 14. Bd3 exd5 15. e5 Ne4 16. Qf4 Bb7 17. Qg4 Qc8 18. Qh5 Qc3 19. Rad1 h6 20. Rfe1 Rad8 21. Bb1 Rfe8 22. Nd4 Qc7 23. f4 Nc5 24. Qf5 Ne4 25. e6 fxe6 26. Nxe6 Qd7 27. Bxe4 Qxe6 28. Bxd5 Bxd5 {1-0 Dolinskaya,M (2009)-Lopez Abreu,M (2038) Titled Tue 27th Aug Early 2024 (11)}) 14... exd5 15. Rad1 Qd7 $146 ({RR} 15... Bb7 16. exd5 Rc8 17. d6 Bxf3 18. gxf3 Nh5 19. Qg4 Rc5 20. Kh1 Nf6 21. Qf4 Qc8 22. Rg1 Rf5 23. Qh6 g6 24. d7 {1-0 Krishna Teja,N (2340)-Keymer,V (2508) Sitges Sunway op-A 5th 2018 (6)}) ({RR} 15... Be6 16. exd5 Bg4 17. d6 Rc8 18. Bb3 Rc3 19. Rfe1 Bxf3 20. gxf3 Nh5 21. Qg4 Nf6 22. Qd4 Rxf3 23. Re7 g6 24. Rde1 Nh5 25. d7 Rf4 26. Qd5 Rf5 27. Qd4 Nf6 28. Bxf7+ Kh8 29. Re8 {1-0 Shankland,S (2709)-Chandra,A (2488) American Cup Blitz 2022 (9)}) ({RR} 15... Bb7 16. exd5 Rc8 17. Bb3 Nxd5 18. Qe4 Rc5 19. Rd4 Qa8 20. Nh4 Re8 21. Qd3 Nf6 22. f3 Qc8 23. Rd1 Rc1 24. Rc4 Rxd1+ 25. Qxd1 Qb8 26. Qc1 Bd5 27. Rc7 Bxb3 28. axb3 Nd5 29. Rc4 b5 30. Rc6 {0-1 Dzagnidze,N (2529)-Kosteniuk,A (2554) China Elite Mind Basque (Women) rapid 2016 (3.2)}) 16. exd5 Qg4 17. Qc7 Qh5 18. Ne5 Bh3 19. Rfe1 Rac8 20. Qxa7 Bxg2 21. Kxg2 Ng4 22. Nf3 Rxc4 23. Qe7 Nf6 24. Qe2 Rf4 25. Ng1 Qf5 26. d6 Ne4 27. f3 Nc3 28. Qe7 Nxd1 29. d7 Qg6+ 30. Kf1 Qd3+ 31. Kg2 g6 32. Qxf8+ Kxf8 33. Re8+ Kg7 34. d8=Q Qxd8 35. Rxd8 Nc3 36. Ra8 b5 37. Kf2 Rb4 38. Ke3 Rb2 39. a3 Rxh2 40. Kd3 Rg2 41. Kxc3 Rxg1 42. Ra5 Rf1 43. Rxb5 Rxf3+ 44. Kb4 h5 45. a4 h4 46. a5 h3 47. Rc5 Rf4+ 0-1

[Event "45th Olympiad 2024"]
[Site "Budapest HUN"]
[Date "2024.09.15"]
[Round "5.4"]
[Board "3"]
[White "Le, Tuan Minh"]
[Black "Bartel, Mateusz"]
[Result "1-0"]
[WhiteElo "2564"]
[BlackElo "2618"]
[PlyCount "75"]
[EventDate "2024.09.11"]
[WhiteTeam "Vietnam"]
[BlackTeam "Poland"]
[WhiteTeamCountry "VIE"]
[BlackTeamCountry "POL"]

1. d4 Nf6 2. c4 e6 3. Nc3 Bb4 4. e3 d5 5. Nf3 O-O 6. Bd2 b6 7. cxd5 exd5 8. Bd3 Re8 9. Ne5 Bd6 10. f4 Ba6 11. Bxa6 Nxa6 12. O-O ({RR} 12. a3 c5 13. O-O Nc7 14. Be1 cxd4 15. exd4 Ne4 16. Qh5 g6 17. Qh3 f5 18. Bh4 Qc8 19. Rac1 Qe6 20. Qd3 Rec8 21. Nd1 Ne8 22. Ne3 Rxc1 23. Rxc1 Rc8 24. Rxc8 Qxc8 25. Qd1 Nc7 26. Qc2 Bxe5 {0-1 Gnojek,P (2431)-Kollars,D (2619) Mitropa Cup 2024 (9.19)}) 12... c5 13. Be1 cxd4 $146 ({RR} 13... Nc7 14. Bh4 Be7 15. Rf3 Qd6 16. Rh3 h6 17. dxc5 bxc5 18. Bxf6 Bxf6 19. Ne4 Qe7 20. Nxf6+ Qxf6 21. Rc1 Qd6 22. Qg4 Re7 23. Nd3 d4 24. Rg3 Ne8 25. Qf3 Rc8 26. exd4 Qxd4+ 27. Qf2 Qxf2+ 28. Nxf2 {½-½ Cosman,A (2133)-Bulmaga,I (2396) ROM-chT (Women) 2021 (6.1)}) 14. exd4 Nc7 15. Bh4 Be7 16. Qb3 Qd6 17. a3 b5 18. Rf3 Qb6 19. Kh1 Rad8 20. Rd1 Nd7 21. Bf2 Nf6 22. h3 a6 23. f5 Bd6 24. Re1 Rb8 25. Qd1 b4 26. axb4 Bxb4 27. Bh4 Rbc8 28. Rfe3 Bxc3 29. bxc3 Qd6 30. Bxf6 Qxf6 31. Qh5 h6 32. h4 Rcd8 33. Ng4 Qd6 34. f6 Qf4 35. fxg7 Rxe3 36. Rxe3 Rb8 37. Nxh6+ Kxg7 38. Rg3+ 1-0

[Event "45th Olympiad 2024"]
[Site "Budapest HUN"]
[Date "2024.09.15"]
[Round "5.4"]
[Board "4"]
[White "Gumularz, Szymon"]
[Black "Tran, Tuan Minh"]
[Result "1-0"]
[WhiteElo "2571"]
[BlackElo "2434"]
[PlyCount "61"]
[EventDate "2024.09.11"]
[WhiteTeam "Poland"]
[BlackTeam "Vietnam"]
[WhiteTeamCountry "POL"]
[BlackTeamCountry "VIE"]

1. c4 e5 2. g3 Nf6 3. Bg2 c6 4. Nf3 e4 5. Nd4 Qb6 6. Nb3 a5 7. d3 Bb4+ ({RR} 7... a4 8. N3d2 d5 9. cxd5 exd3 10. O-O cxd5 11. exd3 Nc6 12. Nc3 Qa5 13. Re1+ Be7 14. b4 axb3 15. Bb2 Qd8 16. Nxb3 O-O 17. h3 Be6 18. Nb5 Re8 19. a4 Nd7 20. N3d4 Nxd4 21. Bxd4 Nb8 22. Be5 {½-½ Ding,L (2813)-Caruana,F (2828) PRO League Stage rapid 2019 (7)}) 8. Nc3 a4 9. Be3 ({RR} 9. Nd2 exd3 10. exd3 O-O 11. O-O Qa5 12. Nce4 Nxe4 13. dxe4 Re8 14. Qc2 d6 15. Nf3 Qh5 16. Nd4 Nd7 17. Bf4 Ne5 18. Rad1 Bc5 19. f3 f5 20. exf5 Bxf5 21. Qc3 Bh3 22. Be3 Bxg2 23. Kxg2 Qf7 {1-0 Degerman,L (2422)-Blomqvist,E (2520) Robert Spangbergs Mem 2024 (4.1)}) 9... c5 $146 ({RR} 9... Qa6 10. Nd4 a3 11. Qb3 axb2 12. Rb1 Qa5 13. Bd2 exd3 14. exd3 O-O 15. O-O Na6 16. Qxb2 Qh5 17. Ne4 Nxe4 18. Bxb4 Nxb4 19. dxe4 Qe5 20. Rfd1 d6 21. f4 Qf6 22. Qxb4 c5 23. Qd2 Qxd4+ 24. Qxd4 {1-0 Nagy,G (2530)-Baenziger,F (2418) Vienna GM Feb 2022 (6)}) ({RR} 9... Qa6 10. Nd4 a3 11. Qc2 Qa5 12. Bd2 Qe5 13. bxa3 Rxa3 14. Nb3 exd3 15. Qxd3 O-O 16. O-O Na6 17. f4 Qe7 18. e4 Nc5 19. Qc2 Bxc3 20. Bxc3 Nfxe4 21. Rae1 Nxb3 22. Bxe4 Qc5+ 23. Kh1 Nd4 24. Qb2 {1-0 Damianou,I (1962)-Klerides,P (2173) CYP-ch Larnaca 2019 (1)}) 10. Nd2 a3 11. Rb1 exd3 12. bxa3 Rxa3 13. Nb5 Qa5 14. Nxa3 Qxa3 15. O-O dxe2 16. Qxe2 O-O 17. Ne4 Nxe4 18. Bxe4 Nc6 19. Rb3 Qa4 20. Qc2 h6 21. a3 Ba5 22. Bxc5 d6 23. Be3 Ne5 24. Rc1 Be6 25. Rxb7 Qxa3 26. Bd5 Bxd5 27. cxd5 Nf3+ 28. Kh1 Bd8 29. Kg2 Qa8 30. Qb3 Ne5 31. Ra7 1-0

[Event "45th Olympiad 2024"]
[Site "Budapest HUN"]
[Date "2024.09.15"]
[Round "5.5"]
[Board "1"]
[White "Yilmaz, Mustafa"]
[Black "Carlsen, Magnus"]
[Result "1/2-1/2"]
[WhiteElo "2587"]
[BlackElo "2832"]
[PlyCount "107"]
[EventDate "2024.09.11"]
[WhiteTeam "Turkiye"]
[BlackTeam "Norway"]
[BlackTeamCountry "NOR"]

1. d4 Nf6 2. c4 e6 3. Nf3 d5 4. Nc3 Nbd7 5. cxd5 exd5 6. Bg5 c6 7. e3 Qa5 8. Bd3 Ne4 9. Qc2 Nxg5 10. Nxg5 h6 11. Nf3 Bd6 12. O-O Nf6 ({RR} 12... O-O 13. a3 Qc7 14. Rac1 Qd8 15. h3 Re8 16. e4 dxe4 17. Nxe4 Nf6 18. Nc5 Bxc5 19. dxc5 Be6 20. Rcd1 Bd5 21. Bc4 Qc7 22. Bxd5 Nxd5 23. Nd4 Re5 24. Nf5 Rae8 25. Nd6 R8e6 26. b4 Qe7 27. Qc4 {1-0 Agrest,E (2574)-Godena,M (2517) Corsica Masters rap 12th rapid 2008 (1.1)}) 13. Rae1 ({RR} 13. Rfe1 O-O 14. a3 Qc7 15. Rac1 a6 16. h3 Be6 17. Na4 a5 18. Nc5 Bc8 19. Na4 Re8 20. Qb3 Rb8 21. Nb6 Be6 22. Bb1 Ne4 23. Na4 Qe7 24. Re2 Qf6 25. Nd2 Qg5 26. f4 Nxd2 27. Rxd2 Qg3 {0-1 Maupin,V (2036)-Hautot,S (2328) Avoine op 34th 2019 (3)}) 13... O-O 14. Ne5 a6 $146 ({RR} 14... c5 15. f4 c4 16. Be2 b5 17. a3 Bb7 18. Bf3 Rfe8 19. g4 Re7 20. h4 Rae8 21. g5 hxg5 22. hxg5 Ne4 23. Nxe4 dxe4 24. Bxe4 Bxe4 25. Qxe4 Qd8 26. Rf2 Bxe5 27. fxe5 Re6 28. Rg2 Rg6 29. Qf5 {1-0 Vunder,A (2273)-Egorov,Z St Petersburg White Nights op1 2002 (5)}) ({RR} 14... Qc7 15. f4 Ng4 16. h3 Nf6 17. a3 a5 18. g4 Qe7 19. Qg2 Nd7 20. Kh1 Qh4 21. Re2 Nxe5 22. fxe5 Be7 23. e4 h5 24. exd5 hxg4 25. dxc6 gxh3 26. Qe4 bxc6 27. Rf4 Qh6 28. Re1 Bg5 29. Rff1 {0-1 Hu,Z-Nguyen,H (1701) ASEAN-ch U10 15th 2014 (8)}) 15. f4 c5 16. Qf2 b5 17. Bb1 Bb7 18. g4 Qc7 19. h4 Ne4 20. Nxe4 dxe4 21. g5 f6 22. gxf6 gxf6 23. Qg2+ Qg7 24. dxc5 Bxe5 25. fxe5 fxe5 26. Rxf8+ Rxf8 27. Rd1 b4 28. Rd6 Qxg2+ 29. Kxg2 Rc8 30. Rb6 Bd5 31. Rxb4 Rxc5 32. Bxe4 Bxa2 33. Ra4 Bf7 34. Rxa6 Rb5 35. Rxh6 Rxb2+ 36. Kf3 Rb4 37. Bf5 Kg7 38. Rh7+ Kf6 39. e4 Rb1 40. Rh6+ Kg7 41. Rh7+ Kg8 42. Rh6 Kg7 43. Rd6 Bh5+ 44. Kg3 Rb3+ 45. Kf2 Rf3+ 46. Kg2 Rf4 47. Kg3 Rf3+ 48. Kh2 Rf2+ 49. Kg1 Rf4 50. Rd7+ Kf6 51. Rd6+ Kf7 52. Rd7+ Kf6 53. Rd6+ Kf7 54. Rd7+ 1/2-1/2

[Event "45th Olympiad 2024"]
[Site "Budapest HUN"]
[Date "2024.09.15"]
[Round "5.5"]
[Board "2"]
[White "Christiansen, Johan-Sebastian"]
[Black "Gurel, Ediz"]
[Result "1/2-1/2"]
[WhiteElo "2661"]
[BlackElo "2602"]
[PlyCount "55"]
[EventDate "2024.09.11"]
[WhiteTeam "Norway"]
[BlackTeam "Turkiye"]
[WhiteTeamCountry "NOR"]

1. Nf3 d5 2. c4 e6 3. g3 Nf6 4. Bg2 Be7 5. O-O O-O 6. d3 c5 7. Ne5 Bd6 ({RR} 7... Nbd7 8. Nxd7 Bxd7 9. e4 dxe4 10. dxe4 Bc6 11. Qe2 Nd7 12. f4 a6 13. a4 Qc7 14. Nc3 Bf6 15. e5 Bxg2 16. Kxg2 Be7 17. Bd2 Rae8 18. Ne4 Qc6 19. Qf3 f5 20. exf6 gxf6 21. Bc3 f5 22. Rfd1 {1-0 Caruana,F (2793)-Giri,A (2746) 11th Sinquefield Cup 2024 (9.3)}) 8. f4 Bxe5 $146 ({RR} 8... Nbd7 9. Nxd7 Qxd7 10. e4 dxe4 11. dxe4 e5 12. Nc3 Re8 13. f5 Bc7 14. Qe2 Ba5 15. Nd1 b5 16. cxb5 a6 17. Be3 axb5 18. g4 Rd8 19. g5 Ne8 20. Nf2 Ba6 21. Qf3 b4 22. Ng4 Bxf1 23. Bxf1 {1-0 Cordova,E (2531)-Pang,Q (2226) 52nd Annual World Open 2024 (2.12)}) 9. fxe5 Ng4 10. Bf4 d4 11. Nd2 Ne3 12. Bxe3 dxe3 13. Nf3 Nc6 14. Qc1 Nd4 15. Nxd4 cxd4 16. Rf4 g5 17. Rf6 Qc7 18. Qf1 Qxe5 19. Qf3 h5 20. h3 Bd7 21. Rf1 Bc6 22. Qxh5 Qxg3 23. Rxe6 fxe6 24. Qg6+ Kh8 25. Qh6+ Kg8 26. Qg6+ Kh8 27. Qh6+ Kg8 28. Qg6+ 1/2-1/2

[Event "45th Olympiad 2024"]
[Site "Budapest HUN"]
[Date "2024.09.15"]
[Round "5.5"]
[Board "3"]
[White "Erdogmus, Yagiz Kaan"]
[Black "Tari, Aryan"]
[Result "0-1"]
[WhiteElo "2592"]
[BlackElo "2642"]
[PlyCount "114"]
[EventDate "2024.09.11"]
[WhiteTeam "Turkiye"]
[BlackTeam "Norway"]
[BlackTeamCountry "NOR"]

1. e4 e5 2. Nf3 Nc6 3. Bc4 Nf6 4. d3 Bc5 5. c3 d6 6. O-O a5 7. Re1 Ba7 8. Nbd2 Be6 9. Bb5 O-O 10. h3 Ne7 11. d4 Ng6 12. Nf1 exd4 13. cxd4 d5 14. e5 Ne4 15. Ng3 Nh4 16. Nxh4 Qxh4 17. Nxe4 dxe4 18. g3 $146 ({RR} 18. Be3 Rad8 19. Qa4 c6 20. Bf1 Rd5 21. Rad1 f5 22. exf6 Qxf6 23. Bc4 b5 24. Qxa5 bxc4 25. Qxa7 Rh5 26. Qa6 Bxh3 27. gxh3 Rxh3 28. Qxc4+ Rf7 29. Qf1 Qh4 30. Qg2 Rf6 31. Kf1 Rg6 32. Qxg6 hxg6 {0-1 Fitzsimons,D (2342)-Makkar,R (2426) II Mindsports Masters IMA 2023 (3.1)}) 18... Qxh3 19. Rxe4 Bd5 20. Bf1 Qe6 21. Rh4 f5 22. Qh5 Qg6 23. Qxg6 hxg6 24. Bg2 Bxg2 25. Kxg2 Rad8 26. Be3 Rd5 27. Rc1 c6 28. Rc4 Kf7 29. Bg5 Rc8 30. a4 Rc7 31. b4 axb4 32. Rxb4 Rcd7 33. Be3 g5 34. Bxg5 Bxd4 35. f4 Bc5 36. Rb2 Rd2+ 37. Rxd2 Rxd2+ 38. Kf1 Rf2+ 39. Ke1 Ra2 40. Rh8 Rxa4 41. Rc8 Ke6 42. Rc7 b5 43. Rxc6+ Kd5 44. Rc8 b4 45. Kd2 Ra2+ 46. Kd3 Ra3+ 47. Kd2 Be3+ 48. Kc2 Bd4 49. Rd8+ Ke4 50. Rb8 Rc3+ 51. Kd2 Be3+ 52. Ke2 Rc2+ 53. Kd1 Rd2+ 54. Ke1 Rb2 55. Be7 Kf3 56. Rd8 b3 57. Ba3 Rh2 0-1

[Event "45th Olympiad 2024"]
[Site "Budapest HUN"]
[Date "2024.09.15"]
[Round "5.5"]
[Board "4"]
[White "Urkedal, Frode Olav Olsen"]
[Black "Sanal, Vahap"]
[Result "1-0"]
[WhiteElo "2546"]
[BlackElo "2581"]
[PlyCount "121"]
[EventDate "2024.09.11"]
[WhiteTeam "Norway"]
[BlackTeam "Turkiye"]
[WhiteTeamCountry "NOR"]

1. d4 Nf6 2. c4 e6 3. Nf3 b6 4. g3 Bb7 5. Bg2 Be7 6. Nc3 Ne4 7. Bd2 d6 8. d5 Nxd2 9. Nxd2 ({RR} 9. Qxd2 e5 10. h4 Nd7 11. e4 h5 12. Bh3 g6 13. O-O-O Ba6 14. Qe2 Nc5 15. Kb1 Bc8 16. Bxc8 Qxc8 17. Ne1 Qg4 18. f3 Qd7 19. Nd3 Nxd3 20. Rxd3 f5 21. f4 Bf6 22. exf5 gxf5 23. fxe5 Bxe5 {½-½ Carlsen,M (2853)-Rapport,R (2745) Superbet Rapid 2023 (9.5)}) 9... Nd7 $146 ({RR} 9... e5 10. e4 Nd7 11. b4 h5 12. h4 g6 13. Bh3 Nf6 14. Nf1 Kf8 15. Ne3 Kg7 16. Kf1 Bc8 17. Bxc8 Qxc8 18. Kg2 Ng4 19. Nxg4 hxg4 20. f3 gxf3+ 21. Qxf3 Qd7 22. Rae1 Raf8 23. h5 Bg5 24. b5 {1-0 Reshevsky,S-Hecht,H London Guardian Royal Exchange Masters 1973 (1)}) ({RR} 9... Bf6 10. Rc1 Nd7 11. O-O Bxc3 12. Rxc3 e5 13. f4 O-O 14. e4 a5 15. Nf3 Re8 16. Re1 Bc8 17. Qd2 a4 18. h3 Nc5 19. f5 Bd7 20. Bf1 c6 21. b4 axb3 22. axb3 cxd5 23. cxd5 b5 24. b4 {½-½ Vukic,M (2480)-Ivkov,B (2515) YUG-ch33 Belgrade 1978 (2)}) ({RR} 9... e5 10. O-O O-O 11. f4 exf4 12. gxf4 Nd7 13. e4 Bf6 14. Qc2 g6 15. Rae1 Bg7 16. Nf3 Re8 17. Qd2 c6 18. dxc6 Bxc6 19. Qxd6 Bxc3 20. bxc3 Bxe4 21. Rxe4 Rxe4 22. Ng5 Re2 23. Qd5 Rxg2+ 24. Kxg2 {1-0 Spassov,L-Mithrakanth,P (2345) New Delhi 1984}) 10. f4 e5 11. f5 a6 12. Nde4 Nf6 13. O-O Bc8 14. b4 a5 15. b5 Bd7 16. Qd2 Qc8 17. Nxf6+ Bxf6 18. Ne4 Qd8 19. a4 h6 20. Ra3 Qe7 21. c5 bxc5 22. Nxc5 e4 23. Nxe4 Be5 24. Raf3 Qd8 25. f6 g6 26. Nf2 Qb8 27. Nd3 Bd4+ 28. Kh1 Qa7 29. Nb2 Bc5 30. Nc4 Kf8 31. Rf4 Bb4 32. Qd3 Re8 33. Re4 Qb8 34. Rff4 Rxe4 35. Qxe4 Qd8 36. Qd4 Bf5 37. Be4 Bd7 38. Bf3 Bf5 39. Be4 Bd7 40. Bc2 Bc5 41. Qc3 Bb4 42. Qf3 h5 43. h4 Bg4 44. Qe3 Bc5 45. Qe4 Bb4 46. Qe3 Bc5 47. Qd3 Bb4 48. Ne3 Bc8 49. Nd1 Bf5 50. Qc4 Bd2 51. e3 Bg4 52. Qd4 Bb4 53. Nf2 Bc8 54. Ne4 Bf5 55. Bd3 Qe8 56. Qa7 Qd8 57. Qd4 Qe8 58. Kh2 Kg8 59. Qc4 Qe5 60. Qxc7 Bxe4 61. Bxe4 1-0

[Event "45th Olympiad 2024"]
[Site "Budapest HUN"]
[Date "2024.09.15"]
[Round "5.6"]
[Board "1"]
[White "Maghsoodloo, Parham"]
[Black "Rodrigue-Lemieux, Shawn"]
[Result "1-0"]
[WhiteElo "2723"]
[BlackElo "2509"]
[PlyCount "79"]
[EventDate "2024.09.11"]
[WhiteTeam "Iran"]
[BlackTeam "Canada"]
[WhiteTeamCountry "IRI"]
[BlackTeamCountry "CAN"]

1. c4 Nf6 2. Nc3 e6 3. e4 d5 4. cxd5 exd5 5. e5 d4 6. exf6 dxc3 7. fxg7 cxd2+ 8. Bxd2 Bxg7 9. Bc4 O-O 10. Ne2 Nc6 11. O-O Bf5 $146 ({RR} 11... Ne5 12. Bb3 c5 13. Ng3 c4 14. Bc2 Bg4 15. f3 Be6 16. Nh5 Bh8 17. Qe1 Ng6 18. Bc3 Qg5 19. Bxh8 Nxh8 20. Ng3 Ng6 21. Qc3 Nf4 22. Kh1 Rfd8 23. Rae1 Nd5 24. Qxc4 Ne3 25. Qe4 Nxc2 26. Qxc2 {½-½ Aczel,G (2498)-Nielsen,V (2364) OBRO CXU Int. 2024 (9.6)}) ({RR} 11... Ne5 12. Bb3 Bd7 13. Bc3 Bc6 14. Nd4 Be4 15. Bc2 Bxc2 16. Qxc2 Ng6 17. Nf5 Bxc3 18. Qxc3 f6 19. Rad1 Qe8 20. Rfe1 Qc6 21. Qxc6 bxc6 22. Rd7 Rae8 23. Rxe8 Rxe8 24. g3 Re5 25. Nh6+ Kf8 26. Rxc7 {1-0 Bazeev,G (2369)-Ismailov,M (1584) Chigorin Mem Blitz 2023 (1.6)}) ({RR} 11... Ne5 12. Bb3 b6 13. Ng3 Bg4 14. f3 Qd4+ 15. Kh1 Rad8 16. Bc3 Qxd1 17. Raxd1 Bc8 18. Nh5 Bh8 19. h3 Ba6 20. Rxd8 Rxd8 21. Re1 Ng6 22. Nf6+ Kf8 23. Nxh7+ Kg8 24. Ng5 Bxc3 25. bxc3 Rd7 26. Nxf7 {1-0 Krysa,L (2538)-Zacarias,M (2182) Zonal 2.5 2023 (9.2)}) 12. Qc1 Ne5 13. Bg5 Qd6 14. Ng3 Bg6 15. Rd1 Qb6 16. Be3 Qc6 17. Be2 Qxc1 18. Raxc1 Nc6 19. h4 h6 20. h5 Bh7 21. b4 a6 22. a4 Rfd8 23. Rxd8+ Rxd8 24. Bxa6 Bb2 25. Rc5 Rd1+ 26. Kh2 Nxb4 27. Bxb7 Ra1 28. Rxc7 Kg7 29. Rc4 Nd3 30. Rg4+ Kh8 31. Rc4 Ne5 32. Rh4 Kg7 33. Bc8 Bc2 34. Nf5+ Kh7 35. Nxh6 Bxa4 36. Bf5+ Kg7 37. Rh3 Kf6 38. Rg3 Bc1 39. f4 Nc6 40. Rg5 1-0

[Event "45th Olympiad 2024"]
[Site "Budapest HUN"]
[Date "2024.09.15"]
[Round "5.6"]
[Board "2"]
[White "Panjwani, Raja"]
[Black "Tabatabaei, M. Amin"]
[Result "0-1"]
[WhiteElo "2460"]
[BlackElo "2714"]
[PlyCount "96"]
[EventDate "2024.09.11"]
[WhiteTeam "Canada"]
[BlackTeam "Iran"]
[WhiteTeamCountry "CAN"]
[BlackTeamCountry "IRI"]

1. Nf3 Nf6 2. c4 e6 3. Nc3 d5 4. e3 Bd6 5. b3 O-O 6. Bb2 Re8 7. Nb5 Be7 8. Be5 Na6 9. Be2 c6 10. Nc3 Ne4 11. Qc2 f6 12. Bg3 Nb4 13. Qb1 e5 14. cxd5 Nxc3 15. dxc3 Nxd5 16. O-O Nxc3 17. Bc4+ Nd5 $146 ({RR} 17... Kh8 18. Qc2 Nd5 19. Rfd1 Qb6 20. Rac1 Be6 21. Qe4 Kg8 22. Nh4 Bf7 23. Qg4 Bf8 24. e4 Ne7 25. Bxf7+ Kxf7 26. Kh1 Rad8 27. f4 exf4 28. Bxf4 Ng6 29. Qh5 Rxd1+ 30. Rxd1 Rd8 31. Rg1 Qb5 32. Nf5 {0-1 Keymer,V (2721)-Praggnanandhaa,R (2757) 57th Biel GM1 Blitz 2024 (4.2)}) 18. Bd3 h6 19. Bg6 Be6 20. e4 Nc3 21. Qc2 Qa5 22. Bxe8 Rxe8 23. Nh4 Rd8 24. Rfc1 Ba3 25. Re1 Nb5 26. Nf3 Qc3 27. Qe2 Bg4 28. Red1 Nd4 29. Qc4+ Qxc4 30. bxc4 g5 31. Kf1 Be6 32. Nd2 a5 33. Rab1 b5 34. cxb5 cxb5 35. f3 a4 36. Bf2 b4 37. Bxd4 Rxd4 38. Ke2 h5 39. Ra1 Bb2 40. Rab1 Bc3 41. a3 bxa3 42. Rb8+ Kg7 43. Rb7+ Kg6 44. Rc7 Bxd2 45. Rxd2 Bc4+ 46. Rxc4 Rxc4 47. Rd3 Rc2+ 48. Ke3 a2 0-1